00420 2200181 4500001002100000005001500021008004100036035001900077041000600096082000800102090001400110100001600124245001800140260002800158300002600186500001500212650001100227INLIS00000000000275420241224112609241224||||||||| | ||| |||| ||  0010-1224002754 a00 a819 a819 ROS j0 aAjip Rosidi00aJante Arkidam bKiblat Buku Utamac1967 a66 hlm;14.5 x 20.5 cm aCet. 1,2,3 0aSastra